000 00385nam a22001577a 4500
003 OSt
005 20211210094622.0
008 211210b |||||||| |||| 00| 0 eng d
020 _a9788170355922
040 _cHU
082 _a363.730954 POL 2009
245 _aPollution and biodiversity : biosocial aspects
260 _c2009
300 _aXi439P
_bHC
_c25cm
942 _2ddc
_cBOOKS
_n0
999 _c22215
_d22215